|
|
|
|
| LEADER |
01108nam a2200253Ia 4500 |
| 001 |
TVU_3849 |
| 008 |
210423s9999 xx 000 0 und d |
| 041 |
|
|
|a Vie
|
| 082 |
|
|
|a 341.758
|
| 082 |
|
|
|b A100
|
| 100 |
|
|
|a Reis, Al
|
| 245 |
|
0 |
|a Hai mươi hai 22 điều luật xây dựng thương hiệu : Cách làm cho sản phẩm hay dịch vụ có thương hiệu tầm cở quốc tế
|
| 245 |
|
4 |
|b The 22 Immutable laws of branding : how to build a product or serrvice into a world-class brand
|
| 245 |
|
0 |
|c Al Ries, Laura Ries ; Phan Đình Quyền, Nguyễn Văn Chu, Đinh Tiên Minh (biên dịch) ; Phan Thăng (hiệu đính)
|
| 260 |
|
|
|a Hà Nội
|
| 260 |
|
|
|b Thống Kê
|
| 260 |
|
|
|c 2003
|
| 300 |
|
|
|a 215 tr.
|
| 300 |
|
|
|c 20 cm
|
| 504 |
|
|
|a Phụ chú: tr.5
|
| 650 |
|
|
|a Nhãn hiệu hàng hóa; Quảng cáo; Thương hiệu (Tiếp thị)
|
| 700 |
|
|
|a Al Ries; Laura Ries; Phan Đình Quyền; Nguyễn Văn Chu; Đinh Tiên Minh ; Phan Thăng
|
| 700 |
|
|
|e Biên dịch,Hiệu đính,Biên dịch,Biên dịch
|
| 980 |
|
|
|a Trung tâm Học liệu Trường Đại học Trà Vinh
|